Top 50 least developed countries - Statistics

General Stats
  • This quiz has been taken 760 times
  • The average score is 34 of 50
Answer Stats
Rank Country % Correct
147 Niger
87%
149 Chad
84%
139 D.R. Congo
83%
141 Mali
82%
145 Guinea
80%
146 Guinea Bissau
80%
142 Burundi
79%
150 CAR
79%
124 Angola
78%
1228 Nigeria
78%
125 Rwanda
78%
118 Zimbabwe
78%
127 Togo
77%
131 Ethiopia
76%
116 Kenya
76%
129 Lesotho
76%
140 Mozambique
76%
114 Tanzania
76%
123 Uganda
76%
111 Zambia
76%
134 Benin
75%
110 Ghana
75%
138 Liberia
74%
133 Senegal
74%
144 Burkina Faso
73%
135 Malawi
73%
148 Sierra Leone
73%
130 Afghanistan
72%
132 Djibouti
72%
119 Namibia
71%
121 Cameroon
70%
117 Madagascar
70%
126 Yemen
70%
136 Haiti
64%
101 Laos
63%
143 Comoros
62%
104 Cambodia
61%
115 Pakistan
61%
109 Nepal
60%
112 Bangladesh
58%
137 Cote D'Ivorie
58%
105 Sao Tome
57%
103 Bhutan
54%
120 Swaziland
51%
107 East Timor
50%
102 South Africa
46%
122 Mauritius
43%
108 Kiribati
36%
113 Solomon Islands
34%
106 Honduras
33%
No matching quizzes found
Score Distribution
Percent of People with Each Score
Percentile by Number Answered
Your Score History
You have not taken this quiz